All Pokémon Theme Songs - Statistics

General Stats
  • This quiz has been taken 132 times
  • The average score is 8 of 20
Answer Stats
Episodes Used: Theme Song % Correct
0001 – 0080 Pokémon Theme
62%
0418 – 0464 Battle Frontier
54%
0116 – 0157 Pokémon Johto
50%
0366 – 0417 Unbeatable
50%
0654 – 0701 Black and White
47%
0465 – 0515 Diamond and Pearl
42%
0081 – 0116 Pokémon World
42%
0568 – 0619 Battle Cry – (Stand Up!)
39%
0516 – 0567 We Will Be Heroes
37%
0158 – 0209 Born to Be a Winner
36%
0274 – 0313 I Wanna Be a Hero
36%
0844 – 0888 Be a Hero
34%
0210 – 0273 Believe in Me
34%
0889 – 0935 Stand Tall
34%
0936 – current Under the Alolan Sun
34%
0314 – 0365 This Dream
33%
0702 – 0750 Rival Destinies
30%
0620 – 0653 We Will Carry On!
29%
0751 – 0795 It's Always You and Me
22%
0796 – 0843 Pokémon Theme (Version XY)
22%
No matching quizzes found
Score Distribution
Percent of People with Each Score
Percentile by Number Answered
Your Score History
You have not taken this quiz